| 000 | 00342cam a22001097a 4500 | ||
|---|---|---|---|
| 008 | 180718b1999 xxu||||| |||| 00| 0 eng d | ||
| 100 | _aEasterly, William | ||
| 245 |
_aWhen is fiscal adjustment an illusion? _cby William Easterly |
||
| 260 |
_aWashington, D.C. _bWorld Bank _c1999 |
||
| 300 | _a32p. | ||
| 440 | _aPolicy research working paper 2109 | ||
| 999 |
_c278186 _d278186 |
||